000
00319nam a22001457a 4500
008
230629b ||||| |||| 00| 0 eng d
020
_a
9781449675226
041
_a
eng
080
_2
FOURTH EDITION
_a
616.9
082
_a
616.9INS
100
_a
16
101
_a
EGZ
245
_a
NUTRITION
_c
INSEL.P
942
_2
udc
_c
BK
999
_c
60058
_d
60058